Elements of electromagnetics / (Record no. 7426)

MARC details
000 -LEADER
fixed length control field 01268cam a2200229 4500
001 - CONTROL NUMBER
control field 8573
005 - DATE AND TIME OF LATEST TRANSACTION
control field 20181127190257.0
008 - FIXED-LENGTH DATA ELEMENTS--GENERAL INFORMATION
fixed length control field 091026s2010 nyua b 001 0 eng
010 ## - LIBRARY OF CONGRESS CONTROL NUMBER
LC control number 2009042875
020 ## - INTERNATIONAL STANDARD BOOK NUMBER
International Standard Book Number 0195387759
International Standard Book Number 9780195387759
082 00 - DEWEY DECIMAL CLASSIFICATION NUMBER
Classification number 537
Edition number 22
100 1# - MAIN ENTRY--PERSONAL NAME
Personal name Sadiku, Matthew N. O.
245 10 - TITLE STATEMENT
Title Elements of electromagnetics /
Statement of responsibility, etc. Matthew N.O. Sadiku.
250 ## - EDITION STATEMENT
Edition statement 5th ed.
260 ## - PUBLICATION, DISTRIBUTION, ETC.
Place of publication, distribution, etc. New York :
Name of publisher, distributor, etc. Oxford University Press,
Date of publication, distribution, etc. 2010.
300 ## - PHYSICAL DESCRIPTION
Extent xvi, 845 p. :
Other physical details ill ;
Dimensions 25 cm.
504 ## - BIBLIOGRAPHY, ETC. NOTE
Bibliography, etc. note Includes bibliographical references and index.
505 ## - FORMATTED CONTENTS NOTE
Formatted contents note CONTENTS : Vector Algebra ; 2. Coordinate Systems and Transformations ; 3. Vector Calculus ; 4. Electrostatic Fields ; 5. Electric Fields in Material Space ; 6. Electrostatic Boundary- Value Problems ; 7. Magneostatic Fields ; 8. Magnetic Forces, Materials, and Devices, ; 9. Maxwell's Equations ; 10. Electomagnetic Wave Propagation ; 11. Transmission Lines ; 12. Waveguides ; 13. Antennas ; 14. Numerical Methods ; APPENDIX A MATHEMATICAL FORMULAS ; APPENDIX B MATERIAL CONSTANTS ; APPENDIX C MATLAB ; APPENDIC D THE COMPLETE SMITH CHART ; APPENDIX E ANSWERS TO ODD - NUMBERED PROBLEMS ; INDEX
Miscellaneous information
Statement of responsibility
Title
650 #0 - SUBJECT ADDED ENTRY--TOPICAL TERM
Topical term or geographic name entry element Electromagnetism.
Holdings
Withdrawn status Lost status Source of classification or shelving scheme Damaged status Not for loan Collection code Home library Current library Shelving location Serial Enumeration / chronology Inventory number Total Checkouts Full call number Barcode Date last seen Price effective from Koha item type
    Dewey Decimal Classification     Main TEST RTC Library RTC Library Main opac 13049   537 SAD 30013029 27/11/2018 27/11/2018 Main
Royal Thimphu College || All Right Reserved